LIBRARY & INFORMATION CENTRE, KCAET, TAVANUR

ONLINE PUBLIC ACCESS CATALOGUE (OPAC)

Effect of different shadings on the environmental parameters (Record no. 15195)

MARC details
000 -LEADER
fixed length control field 00570nam a22001697a 4500
003 - CONTROL NUMBER IDENTIFIER
control field OSt
088 ## - REPORT NUMBER
Report number T 159
100 ## - MAIN ENTRY--AUTHOR NAME
Personal name BINDU P. K
245 ## - TITLE STATEMENT
Title Effect of different shadings on the environmental parameters
260 ## - PUBLICATION, DISTRIBUTION, ETC. (IMPRINT)
Place of publication Tavanur 2006
Name of publisher Kelappaji College of Agricultural Engineering and Technology
300 ## - PHYSICAL DESCRIPTION
Number of Pages 126
500 ## - GENERAL NOTE
General note Effect of different shadings on the environmental parameters
520 ## - SUMMARY, ETC.
Summary, etc Effect of different shadings on the environmental parameters
700 ## - ADDED ENTRY--PERSONAL NAME
Personal name Er. Xavier K. Jacob (Guide)
942 ## - ADDED ENTRY ELEMENTS (KOHA)
Koha item type Theses
Holdings
Collection code Home library Current library Shelving location Full call number Accession Number Koha item type Public note
Reference KAUAET KAUAET Reference 631.75807 BIN/EF T 159 Theses M.Tech Thesis
free website counter